| 000 | 00701cam a2200229 4500 | ||
|---|---|---|---|
| 001 | D15039 | ||
| 008 | 090401t1977 xxu||||| |||| 00| 0 eng d | ||
| 035 | _a(Sirsi) u19821 | ||
| 041 | _aeng | ||
| 050 | _a630.026 | ||
| 090 | _a630.026 | ||
| 090 | _aRICS 1977/1ABC | ||
| 110 |
_aRoyal Institution of Chartered Surveyors _94900 |
||
| 245 | _a`Agro Acts`: Land Agency and Agriculture Division Annual Conference, Wendesday 12 January 1977. Programme and attendance list, notes on speakers | ||
| 260 |
_bRICS _c1977 |
||
| 300 | _a5 papers | ||
| 350 | _a0 | ||
| 520 | _aFiled in Archives box 1977/1 A | ||
| 710 |
_aLand Agency and Agriculture Division _9773 |
||
| 942 | _n0 | ||
| 948 | _c04/03/1997 | ||
| 999 |
_c87716 _d87716 |
||